<?xml version="1.0" encoding="UTF-8"?>
<record
    xmlns:xsi="http://www.w3.org/2001/XMLSchema-instance"
    xsi:schemaLocation="http://www.loc.gov/MARC21/slim http://www.loc.gov/standards/marcxml/schema/MARC21slim.xsd"
    xmlns="http://www.loc.gov/MARC21/slim">

  <leader>01882nam a22002537a 4500</leader>
  <datafield tag="999" ind1=" " ind2=" ">
    <subfield code="c">5132</subfield>
    <subfield code="d">5132</subfield>
  </datafield>
  <controlfield tag="003">OSt</controlfield>
  <controlfield tag="005">20240322112933.0</controlfield>
  <controlfield tag="008">180220b        xxu||||| |||| 00| 0 spa d</controlfield>
  <datafield tag="020" ind1=" " ind2=" ">
    <subfield code="a">9789873678806</subfield>
  </datafield>
  <datafield tag="040" ind1=" " ind2=" ">
    <subfield code="c">PJ</subfield>
  </datafield>
  <datafield tag="100" ind1=" " ind2=" ">
    <subfield code="a">Passarella, Juli&#xE1;n E.</subfield>
    <subfield code="9">6256</subfield>
  </datafield>
  <datafield tag="245" ind1="1" ind2="3">
    <subfield code="a">La llamada delegaci&#xF3;n legislativa impropia en el &#xE1;mbito nacional y en los reg&#xED;menes locales /</subfield>
    <subfield code="b">Juli&#xE1;n E. Passarella.</subfield>
  </datafield>
  <datafield tag="260" ind1=" " ind2=" ">
    <subfield code="a">Santa Fe :</subfield>
    <subfield code="b">C&#xED;vica, </subfield>
    <subfield code="c">2024.</subfield>
  </datafield>
  <datafield tag="300" ind1=" " ind2=" ">
    <subfield code="a">648 p. </subfield>
    <subfield code="c">23 cm.</subfield>
  </datafield>
  <datafield tag="500" ind1=" " ind2=" ">
    <subfield code="a">Incluye apartado con jurisprudencia citada.</subfield>
  </datafield>
  <datafield tag="504" ind1=" " ind2=" ">
    <subfield code="a">Bibliograf&#xED;a: p. 633-648</subfield>
  </datafield>
  <datafield tag="505" ind1=" " ind2=" ">
    <subfield code="a">En la Rep&#xFA;blica Argentina, tanto el Poder Ejecutivo nacional como los ejecutivos provinciales y municipales tienen a su cargo la aplicaci&#xF3;n, integraci&#xF3;n y puesta en pr&#xE1;ctica de las leyes y ordenanzas. Esta atribuci&#xF3;n es ejercida a trav&#xE9;s del dictado de normas reglamentarias de distinta jerarqu&#xED;a, intensidad y amplitud, que el autor clasifica en reglamentos de ejecuci&#xF3;n, reglamentos autorizados o de integraci&#xF3;n &#x2014;a partir de una delegaci&#xF3;n legislativa impropia&#x2014; y reglamentos delegados. La tesis consiste en delimitar los contornos y demostrar la existencia de la llamada &#x201C;delegaci&#xF3;n legislativa impropia&#x201D;, tanto en el &#xE1;mbito nacional como en los reg&#xED;menes provinciales y municipales. Dicho objetivo es abordado a partir del estudio del r&#xE9;gimen federal argentino, de las constituciones de la Naci&#xF3;n y de las provincias, de la doctrina y, principalmente, de la jurisprudencia de la Corte Suprema de Justicia de la Naci&#xF3;n y de los tribunales de la mayor&#xED;a de las provincias de nuestro pa&#xED;s.</subfield>
  </datafield>
  <datafield tag="650" ind1=" " ind2=" ">
    <subfield code="a">DERECHO ADMINISTRATIVO</subfield>
    <subfield code="9">211</subfield>
  </datafield>
  <datafield tag="650" ind1=" " ind2="0">
    <subfield code="a">ADMINISTRACION PUBLICA</subfield>
    <subfield code="9">877</subfield>
  </datafield>
  <datafield tag="650" ind1=" " ind2="0">
    <subfield code="a">DELEGACION LEGISLATIVA</subfield>
    <subfield code="9">187</subfield>
  </datafield>
  <datafield tag="650" ind1=" " ind2="0">
    <subfield code="a">FACULTADES REGLAMENTARIAS</subfield>
    <subfield code="9">6257</subfield>
  </datafield>
  <datafield tag="942" ind1=" " ind2=" ">
    <subfield code="2">udc</subfield>
    <subfield code="c">LIB</subfield>
    <subfield code="h">342.922</subfield>
    <subfield code="i">PAS</subfield>
  </datafield>
  <datafield tag="952" ind1=" " ind2=" ">
    <subfield code="0">0</subfield>
    <subfield code="1">0</subfield>
    <subfield code="2">udc</subfield>
    <subfield code="4">0</subfield>
    <subfield code="7">0</subfield>
    <subfield code="a">DJS</subfield>
    <subfield code="b">DJS</subfield>
    <subfield code="d">2024-03-22</subfield>
    <subfield code="o">342 PAS</subfield>
    <subfield code="p">6622</subfield>
    <subfield code="r">2024-03-22</subfield>
    <subfield code="w">2024-03-22</subfield>
    <subfield code="y">LIB</subfield>
  </datafield>
</record>
